000 00614nam a22002177a 4500
005 20170124110016.0
010 _a721419
020 _c00.00
035 _a721419
037 _bCen Lib/Ret
040 _aDPL
_bEN
082 _a338.170954
_bMAN
100 _aManoharan, S.
_918763
245 _aIndia tea :
_cby S. Manoharan
_ba strategy for development /
260 _aNew Delhi
_bS. Chand
_c1974
270 _bNew Delhi
_aRam Nagar
_e110055
300 _aix,157p.
_c21cm(Hb)
650 _aFinancial structure
_918764
650 _aTea economy
_918765
942 _2ddc
_cEN
_h338.170954
_mMAN
999 _c126889
_d126889